000 00632nam a2200229Ia 4500
003 GCL
008 140319s9999 xx 000 0 eng d
020 _a9643060012
040 _aGCL /
_cGCL
082 0 4 _a915.5
_bD P
100 1 _aDUTZ , WERNER FELIX
245 1 0 _aPARSA :
_b( PERSEPOLIS ) /
_cDUTZ , WERNER FELIX
700 1 _aMATHESON , SYLVIA A
700 1 _aGHANI , FARAMARZ
700 1 _aBAKHTIAR , AFSHIN
250 _aTHIRD
260 _aايران :
_bYASSAVOLI ،
_c2000
300 _a30 CM ؛
_c100 P
490 _aARCHAEOLOGICAL SITES IN FARS
_v1
650 0 4 _aIRAN - DESCRIPTION AND TRAVEL
942 _2ddc
_cBK
999 _c7996
_d7996